Messages from Tahrir : (Record no. 16560)
[ view plain ]
| 000 -LEADER | |
|---|---|
| fixed length control field | 00957nam a22002297a 4500 |
| 008 - FIXED-LENGTH DATA ELEMENTS--GENERAL INFORMATION | |
| fixed length control field | 120307s2011 ua|||||r|||| 00| 0 eng d |
| 020 ## - INTERNATIONAL STANDARD BOOK NUMBER | |
| International Standard Book Number | 9774165128 |
| 020 ## - INTERNATIONAL STANDARD BOOK NUMBER | |
| International Standard Book Number | 9789774165122 |
| 082 ## - DEWEY DECIMAL CLASSIFICATION NUMBER | |
| Edition number | 22 |
| Classification number | 306.162 |
| Item number | MES |
| 245 ## - TITLE STATEMENT | |
| Title | Messages from Tahrir : |
| Remainder of title | Signs from Egypt's Revolution / |
| Statement of responsibility, etc | edited by Karima Khalil |
| 260 ## - PUBLICATION, DISTRIBUTION, ETC. (IMPRINT) | |
| Place of publication, distribution, etc | Cairo ; New York : |
| Name of publisher, distributor, etc | The American University in Cairo Press, |
| Date of publication, distribution, etc | c2011. |
| 300 ## - PHYSICAL DESCRIPTION | |
| Extent | 144, [12] p. : |
| Other physical details | ill. (chiefly col.) ; |
| Dimensions | 22 cm |
| 520 ## - SUMMARY, ETC. | |
| Summary, etc | This book showcases the signs held by protestors inCairo's Tahrir Square during the peaceful revolution in Egypt during 2011. |
| 651 ## - SUBJECT ADDED ENTRY--GEOGRAPHIC NAME | |
| Geographic name | Egypt |
| General subdivision | History |
| Chronological subdivision | Revolution, 2011 |
| Form subdivision | Pictorial works |
| 9 (RLIN) | 29287 |
| 651 ## - SUBJECT ADDED ENTRY--GEOGRAPHIC NAME | |
| Geographic name | Egypt |
| Geographic subdivision | History |
| Chronological subdivision | 1981- |
| 9 (RLIN) | 29288 |
| 651 ## - SUBJECT ADDED ENTRY--GEOGRAPHIC NAME | |
| Geographic name | Egypt |
| General subdivision | History |
| Chronological subdivision | 21st century. |
| 9 (RLIN) | 29289 |
| 651 ## - SUBJECT ADDED ENTRY--GEOGRAPHIC NAME | |
| Geographic name | Egypt |
| General subdivision | Politics and government |
| 9 (RLIN) | 29290 |
| 653 ## - INDEX TERM--UNCONTROLLED | |
| Resource For college | |
| Arrived date list | March2012 |
| 650 ## - SUBJECT ADDED ENTRY--TOPICAL TERM | |
| 9 (RLIN) | 29286 |
| Topical term or geographic name as entry element | Revolutions |
| Geographic subdivision | Egypt |
| Chronological subdivision | 21st century |
| 700 ## - ADDED ENTRY--PERSONAL NAME | |
| Personal name | Khalil, Karima |
| 9 (RLIN) | 29285 |
| 942 ## - ADDED ENTRY ELEMENTS (KOHA) | |
| Source of classification or shelving scheme | Dewey Decimal Classification |
| Item type | Book - Borrowing |
| Withdrawn status | Item status | Source of classification or shelving scheme | Damaged status | Not for loan | Vendor | Home library | Current library | Shelving location | Date acquired | Source of acquisition | Cost, normal purchase price | Serial Enumeration / chronology | Total Checkouts | Total Renewals | Full call number | Barcode | Date last seen | Date last borrowed | Koha item type |
|---|---|---|---|---|---|---|---|---|---|---|---|---|---|---|---|---|---|---|---|
| Dewey Decimal Classification | AUC | Central Library | Central Library | First floor | 07/03/2012 | 75.00 | 1 | 3 | 2 | 306.162 MES | 000026374 | 15/07/2025 | 11/12/2019 | Book - Borrowing | |||||
| Dewey Decimal Classification | AUC | Central Library | Central Library | First floor | 07/03/2012 | 75.00 | 1 | 2 | 306.162 MES | 000026375 | 15/07/2025 | 07/11/2012 | Book - Borrowing |